[Event "Corus"]
[Site "Wijk aan Zee"]
[Date "2005.01.22"]
[Round "7"]
[White "Sokolov, Ivan"]
[Black "Grischuk, Alexander"]
[Result "1/2-1/2"]
[WhiteElo "2685"]
[BlackElo "2710"]
[Annotator "Ftacnik,L"]
[PlyCount "128"]
[EventDate "2005.01.15"]
[EventType "tourn"]
[EventRounds "13"]
[EventCountry "NED"]
[EventCategory "19"]
[SourceTitle "CBM 105"]
[Source "ChessBase"]
[SourceDate "2005.04.11"]
[SourceVersion "1"]
[SourceVersionDate "2005.04.11"]
[SourceQuality "1"]

1. d4 Nf6 2. c4 e6 3. Nf3 b6 4. Nc3 Bb7 5. a3 d5 6. cxd5 Nxd5 7. Bd2 Be7 8. Qc2
O-O 9. e4 Nxc3 10. Bxc3 c5 11. dxc5 bxc5 12. Rd1 Qc7 (12... Qb6 $5 13. Ne5 Bf6
14. Nc4 (14. Bc4 Bxe5 15. Bxe5 Nc6 $10) (14. Be2 $14) 14... Bxc3+ 15. Qxc3 Qc7
16. Bd3 Nc6 $132) 13. Bd3 Nd7 (13... Nc6 14. O-O Rfd8 15. e5 $5 h6 16. Be4 Rxd1
17. Rxd1 Rd8 18. Rxd8+ Qxd8 19. h3 $14) 14. O-O Rfd8 (14... c4 $6 15. Be2 Nb6
16. Ba5 Qc6 17. Rd4 $16 {><c4}) 15. Rfe1 h6 (15... Nb6 16. Bf1 Rxd1 17. Rxd1
Qc6 18. Nd2 (18. Re1 Rd8 19. Ne5 Qc7 20. Nc4 Nxc4 21. Bxc4 Bd6 22. e5 (22. h3
Bh2+ 23. Kh1 Be5 $10) 22... Be7 $10) 18... Rd8 $10 {Nogueiras,J-Granda Zuniga,
J/Biel izt/1993/ 0-1 (41)}) 16. Bb5 {Sokolov knows this line very well, black
is not able to claim complete equality due to the worse pawn structure.} Nf6 (
16... a6 17. Bf1 Nb6 18. Ba5 $14) (16... Bc6 17. Qe2 Rab8 18. Bxc6 Qxc6 19. Qc4
$14) 17. Rxd8+ Rxd8 18. Qa4 Qb8 (18... a6 19. Bf1 Qf4 (19... Qc6 20. Qxc6 Bxc6
21. Nd2 $1 (21. Ne5 Bxe4 22. Bxa6 Ba8 $14) 21... Bb5 22. f3 $16) (19... Qc8 20.
Nd2) 20. Be5 Qg4 21. h3 Qg6 22. Bc7 $1 Rc8 (22... Ra8 $6 23. Ne5 Qg5 24. Nc6
Bf8 25. Na5 Bc8 (25... Ne8 26. Bg3 Qe7 27. Rd1 $18) 26. Qc6 Ra7 27. Rd1 $16)
23. Bh2 Bxe4 (23... Nxe4 $2 24. Qd7 $18) 24. Ne5 Qf5 25. Qxa6 Ra8 26. Qb6 Bd5
27. Qc7 $1 {1-0 Sokolov,I-Hansen,C/Groningen 1993/ (39)}) (18... Ra8 19. Ba5
Qc8 (19... Qb8 20. Bc6 $1) 20. Ne5 Bd6 21. Nxf7 $1 Kxf7 22. e5 Bxe5 23. Rxe5 {
Sokolov,I-Van der Wiel,J/Wijk/1994/ 1-0 (49)}) 19. Bc6 $1 {Exchange of the
light squared bishops favours white as it will enhance his play on these
vulnerable squares.} Rc8 (19... Bxc6 20. Qxc6 $16) 20. Ne5 Qa8 21. Bxb7 Qxb7
22. f3 a6 23. Rd1 Qb5 24. Qc4 (24. Qxb5 $6 axb5 25. Kf2 c4 $11) 24... Kf8 25.
a4 Qb6 (25... Qxc4 26. Nxc4 Rd8 27. Rxd8+ Bxd8 28. Bxf6 Bxf6 29. e5 Bg5 30. g3
Bc1 31. Kf2 $14) 26. a5 Qb7 (26... Qb5 27. Qxb5 axb5 28. a6 Ra8 29. Ra1 $16)
27. g4 g5 (27... Kg8 28. Rd2 $14) 28. Kg2 Ke8 29. Qa4+ Qb5 $2 {Grischuk loses
patience and nominally 'improves" his pawn structure. White will now access
the position via the a file.} (29... Kf8 30. Rd2 $14) 30. Qxb5+ axb5 31. a6 Ra8
32. Ra1 b4 33. Be1 Nd7 (33... Bd6 34. Nc4 Bc7 35. Bg3 $16) 34. Nc4 e5 35. a7
Kd8 36. Ra6 $1 {[%mdl 4096] Black was certainly not hoping to face such an
intruder.} Kc7 (36... f6 37. Na5 $1 Kc7 38. Rc6+ Kd8 39. Nb7+ Ke8 40. Ra6 $16)
37. Rxh6 Rxa7 38. Rh7 Ra1 (38... Nb6 39. Nxb6 Kxb6 40. Rxf7 Bd8 41. Rxa7 Kxa7
42. h4 gxh4 43. Bd2 $18) 39. Bg3 (39. Rxf7 Rc1 40. b3 Kd8 41. Bd2 $16) 39...
Rc1 40. Nxe5 Rc2+ 41. Kh3 (41. Kg1 Nxe5 42. Bxe5+ Kd7 43. Rxf7 Ke6 44. Rf5 c4
$132) 41... Nxe5 42. Bxe5+ Kd7 43. Rxf7 Ke6 44. Rf5 c4 45. f4 $1 c3 $1 {
Alexander defends very creatively and white must be careful not to miss
black's pawn advancing potential.} (45... gxf4 46. g5 Re2 47. g6 Rxe4 48. Rh5
$16) 46. bxc3 b3 47. Bd4 Bd6 48. Rf6+ $2 {This natural move is a serious step
in the wrong direction, Sokolov will have to take care not to lose the game.} (
48. Kg3 $5 Bxf4+ 49. Kf3 Bd2 50. Rf6+ Kd7 51. Rb6 Bxc3 $14) (48. Rxg5 $5 Bxf4 (
48... Rxh2+ 49. Kg3 $1 (49. Kxh2 $4 Bxf4+ 50. Kg2 Bxg5 51. c4 Bf6 $19) 49...
Rd2 50. Rb5 $18) 49. Rg6+ Kd7 50. g5 b2 51. Rb6 Bxg5 52. Kg3 $16) 48... Kd7 49.
e5 Bc7 50. c4 (50. e6+ $4 Ke8 $1 51. c4 Bxf4 $19) 50... Rxc4 51. e6+ (51. Ba1
Ra4 52. Bb2 Ra2 53. Bd4 b2 54. Bxb2 Rxb2 55. Kg3 Rb3+ 56. Kf2 $15) 51... Ke8
52. Rf7 $2 {White still believes he is playing for win, but this already
oversteps the safety line.} (52. Bb2 Rxf4 53. Rxf4 Bxf4 54. Bf6 Bc7 55. Kg2 Bd8
56. Bb2 Ke7 57. Kf3 Kxe6 58. Ke3 Bf6 59. Ba3 Be5 $15) 52... Bxf4 53. Bf2 (53.
Rd7 Rc2 54. Bg1 b2 55. Rb7 Be5 $19) 53... Rc7 $6 {Grischuk misses a golden
opportunity to get the winning bishops endgame.} (53... Bc7 $1 54. Rf5 Rf4 55.
Rxf4 Bxf4 56. Bd4 Ke7 57. Bb2 Kxe6 58. Kg2 Kd5 $19) 54. Rf5 Ke7 (54... Rh7+ 55.
Kg2 Rxh2+ 56. Kf3 Ke7 $17) 55. Rb5 Rc3+ 56. Kg2 Kxe6 57. Bg3 $2 {Now white
understood perfectly well that he is fighting for the survival, but he missed
the study like ideas beginning with 57.h4.} (57. h4 gxh4 58. Bxh4 Be5 59. Be7
$1 Rc2+ (59... Kxe7 60. Rxe5+ Kd6 61. Rb5 Kc6 62. Rb8 Kc5 63. g5 $11) 60. Kf3
b2 61. Ba3 $3 Rc3+ 62. Ke4 $11) 57... Bxg3 58. hxg3 Rc2+ $2 {The last error in
the game full of missed opportunities, the win was to be had with inclusion of
the black's king into the battle 58..Kd6!} (58... Kd6 $1 59. Rxg5 Rc5 $1 60.
Rg6+ Kc7 61. Rg7+ Kc6 62. Rg6+ Kb7 63. Rg7+ Ka6 64. Rg6+ Ka5 65. Rg8 b2 $19)
59. Kf3 b2 60. Ke4 Kd6 61. Kd3 Rg2 62. Kd4 Kc6 63. Rb8 Rd2+ 64. Kc3 Rg2 1/2-1/2

[Event "Stepanakert-A"]
[Site "Stepanakert"]
[Date "2005.10.06"]
[Round "5"]
[White "Bologan, Viktor"]
[Black "Macieja, Bartlomiej"]
[Result "0-1"]
[WhiteElo "2682"]
[BlackElo "2592"]
[Annotator "Ftacnik,L"]
[PlyCount "56"]
[EventDate "2005.10.02"]
[EventType "tourn"]
[EventRounds "9"]
[EventCountry "ARM"]
[EventCategory "17"]
[SourceTitle "CBM 110"]
[Source "ChessBase"]
[SourceDate "2006.01.31"]
[SourceVersion "1"]
[SourceVersionDate "2006.01.31"]
[SourceQuality "1"]

1. d4 Nf6 2. c4 e6 3. Nf3 b6 4. Nc3 Bb7 5. a3 d5 6. Qc2 dxc4 7. e4 c5 8. d5
exd5 9. exd5 Bd6 10. Bxc4 O-O 11. O-O h6 12. Re1 a6 13. a4 Nbd7 14. b3 Qc7 (
14... Re8 15. Rxe8+ Qxe8 16. Bb2 Qf8 17. Re1 Re8 18. Ne4 Nxe4 19. Rxe4 Rxe4 20.
Qxe4 Qe7 21. Qd3 {1/2-1/2 Porat,D-Botvinnik,I/Ramat Aviv 2003/ (27)}) 15. Bb2 (
15. h3 Ne5 16. Nh4 Rfe8 17. Bb2 Qd7 18. Re2 Rad8 19. Rae1 Nxc4 20. bxc4 Bc8 21.
Nd1 Rxe2 22. Rxe2 Nh5 23. Re4 Re8 {1/2-1/2 Lautier,J-Karpov,A/Groningen 1995/ 
(38)}) 15... Ne5 16. Ne4 $2 {[%mdl 64] Bologan was getting impatient with the
position, despite his control of the center black was doing fine with his
pieces. The text is simply faulty and black will get very strong counterplay
against the exposed white king.} (16. Nxe5 Bxe5 17. Kh1 Bd4 18. f3 Rfe8 $15) (
16. Nd2 Nxc4 17. bxc4 Bxh2+ 18. Kh1 Bf4 19. Nf3 Ng4 $15) 16... Nxf3+ 17. gxf3
Nxd5 $5 (17... Bxh2+ 18. Kh1 Nd7 19. Rg1 Be5 20. f4 Bd4 21. Qd2 $13) 18. Kh1 {
White might have misjudged the consequences of pinning black knight on d5,
since due to vulnerable white king tactics would work fine for black.} (18.
Nxd6 Qxd6 19. Rad1 Rae8 $1 20. Rxe8 (20. Qd3 Rxe1+ 21. Rxe1 Rd8 $19) 20... Rxe8
21. Qd3 Re6 (21... Rd8 22. Bxa6 Bxa6 23. Qxa6 Qg6+ 24. Kh1 Re8 25. Qc4 Nf6 $17)
22. Kh1 (22. Bxd5 Bxd5 23. Qxd5 Re1+ $19) 22... Qd7 23. Bxa6 Ne3 24. fxe3 Bxf3+
25. Kg1 Rg6+ 26. Kf2 Qh3 $19) 18... Be5 19. Ng5 (19. Bxe5 Qxe5 20. Nxc5 Nb4 $3
(20... Qh5 21. Nxb7 Qxf3+ 22. Kg1 Nf4 23. Bf1 Qxb7 24. Qe4 $15) 21. Rxe5 Bxf3+
22. Kg1 Nxc2 23. Rc1 Nd4 24. Nd7 Bc6 $19) 19... hxg5 20. Rxe5 (20. Bxe5 Qd7 21.
Rg1 g4 22. h3 Nf6 23. Kh2 Bxf3 $19) 20... Nf4 21. Qc3 (21. Rxg5 $2 Bxf3+ 22.
Kg1 Nh3+ $19) 21... Qc6 22. Re3 (22. Rd5 Ne6 23. Re1 Nd4 24. Rxg5 Qf6 $1 (24...
Qxf3+ 25. Qxf3 Bxf3+ 26. Kg1 Rfe8 27. Re3 $15) 25. Rg3 Bxf3+ 26. Kg1 Rfe8 $19)
22... Qh6 {Macieja has managed to defend his weakest spot g7 and his position
is much better.} 23. Re7 (23. Kg1 Rfd8 24. Rae1 Bd5 $19) 23... Nd5 (23... Bd5
24. Kg1 Bxc4 25. bxc4 Rad8 $19) 24. Bxd5 Bxd5 25. Kg1 (25. a5 g4 26. axb6 Rfb8
27. Re5 Bxf3+ 28. Kg1 Rxb6 29. Rxc5 Rg6 $19) 25... Rad8 26. Rae1 (26. a5 f6 27.
axb6 Qh3 28. Re3 Rfe8 29. Rae1 Rxe3 30. Rxe3 Bxf3 $19) 26... f6 {The sure
signal, that black is prepared to start real counterattack.} (26... a5 27. R1e3
f6 28. Rd3 Qh3 29. Qd2 Qf5 $19) 27. a5 Qh3 28. R7e3 (28. Qe3 Kh8 $1 $19) 28...
g4 (28... g4 29. Qd3 gxf3 30. Qg6 b5 31. Re7 Qh7 $19) 0-1

[Event "George Marx Memorial 3rd"]
[Site "Paks"]
[Date "2005.06.15"]
[Round "4"]
[White "Acs, Peter"]
[Black "Almasi, Zoltan"]
[Result "0-1"]
[WhiteElo "2525"]
[BlackElo "2628"]
[Annotator "Ftacnik,L"]
[PlyCount "72"]
[EventDate "2005.06.12"]
[EventType "tourn"]
[EventRounds "10"]
[EventCountry "HUN"]
[EventCategory "15"]
[SourceTitle "CBM 108"]
[Source "ChessBase"]
[SourceDate "2005.09.26"]
[SourceVersion "1"]
[SourceVersionDate "2005.09.26"]
[SourceQuality "1"]

1. d4 Nf6 2. c4 e6 3. Nf3 b6 4. a3 Ba6 5. Qc2 Bb7 6. Nc3 c5 7. e4 cxd4 8. Nxd4
Bc5 9. Nb3 Nc6 10. Bg5 Nd4 11. Nxd4 Bxd4 12. Bd3 Qb8 13. Ne2 Bc5 14. b4 Be7 {
[%mdl 4] It is strange, that black has consequently avoided this bishop
retreat in earlier games. It seems natural to defend f6 knight and try to
exploit the exposed white pawns in the center.} (14... Bd6 15. h3 (15. Bd2 Nh5
16. g3 f5 17. f3 fxe4 18. Bxe4 Nf6 19. Bxb7 Qxb7 20. O-O O-O 21. Qd3 Be5 {
0-1 Dziuba,M-Liwak,P/Lubniewice 2003/ (41)}) 15... a5 16. c5 Be5 17. Rb1 axb4
18. axb4 Ra3 19. Bxf6 Bxf6 20. O-O Qa8 {0-1 Cebalo,M-Zaja,I/Montecatini Terme
2002/ (33)}) 15. Rb1 (15. O-O a5 16. Qc3 d6 17. Rfd1 $14) 15... O-O 16. f4 h6
17. Bh4 Qd8 (17... d5 18. e5 dxc4 19. Bxc4 Nd5 20. Bxe7 Nxe7 $11) 18. O-O Rc8 (
18... Ng4 19. Bxe7 Qxe7 20. Qd2 $14) 19. e5 Ne8 20. Bg3 $6 {Acs must have got
a feeling, that Almasi will suffer due to limited space for his pieces. Little
did he knew, that in few games bishop from e7 will become the main hero.} (20.
Bxe7 Qxe7 21. Nd4 d6 22. Rbd1 $14) 20... d5 $1 21. Rfd1 (21. exd6 Nxd6 22. Rfd1
Qe8 $13) 21... Qc7 22. Rbc1 dxc4 23. Qxc4 (23. Bxc4 $2 b5 $1 $19) 23... Qb8 24.
Qa2 (24. Qd4 $5 Rxc1 25. Rxc1 Nc7 26. f5 Bg5 27. Bf4 $14) 24... Rxc1 25. Rxc1
Nc7 (25... a5 26. Qd2 axb4 27. axb4 Nc7 28. Bb1 $14) 26. Bb1 Nd5 27. Qc2 g6 28.
Nd4 (28. Nc3 Rc8 (28... Nxc3 29. Qxc3 Rc8 30. Qe3 Rxc1+ 31. Qxc1 Qd8 $11) 29.
Qd2 (29. Nxd5 Rxc2 30. Nxe7+ Kg7 31. Bxc2 Qd8 $17) 29... a5 $11) (28. Qb3 Rc8
$11) 28... Rc8 29. Qd2 a5 $1 30. h4 $2 {White has certainly disliked his
position with passive bishop on g3 and burning queenside pawn structure.
Desperate counterattack on the kingside is too slow.} (30. bxa5 bxa5 31. Be4
Bc5 $15) 30... axb4 31. h5 (31. axb4 Bxb4 32. Rxc8+ Qxc8 $19) 31... Rxc1+ 32.
Qxc1 Bc5 33. Bf2 (33. Qd2 Nc3 34. axb4 Bxd4+ 35. Kh2 Qd8 36. Bf2 Qd5 37. Bxd4
Nxb1 $19) 33... Nc3 34. Qe1 Qd8 $1 {Black pieces are completely dominating the
position and the longest diagonal a8-h1 has to be watched as well.} 35. Nf3 (
35. Nc2 Qd5 36. Qf1 Nxb1 $19) 35... Bxf3 36. Bxc5 (36. gxf3 Bxf2+ 37. Kxf2 Qh4+
$19) 36... bxc5 (36... bxc5 37. gxf3 Qd4+ 38. Kg2 bxa3 $19) 0-1

[Event "Moscow Aeroflot op"]
[Site "Moscow"]
[Date "2002.02.10"]
[Round "9"]
[White "Najer, Evgeniy"]
[Black "Pogorelov, Ruslan"]
[Result "1-0"]
[WhiteElo "2599"]
[BlackElo "2460"]
[Annotator "Ftacnik,L"]
[PlyCount "79"]
[EventDate "2002.02.04"]
[EventType "swiss"]
[EventRounds "9"]
[EventCountry "RUS"]
[SourceTitle "CBM 088"]
[Source "ChessBase"]
[SourceDate "2002.03.21"]
[SourceVersion "1"]
[SourceVersionDate "2002.03.21"]
[SourceQuality "1"]

1. d4 {Wells} Nf6 2. c4 e6 3. Nf3 b6 4. a3 Ba6 5. Qc2 Bb7 6. Nc3 c5 7. e4 cxd4
8. Nxd4 Nc6 9. Nxc6 Bxc6 10. Be2 Qb8 11. f4 e5 12. Rf1 Bd6 {Black needs a good
solution for the central squares as well as some space for his pieces.} (12...
exf4 13. Bxf4 (13. e5 Qxe5 14. Bxf4 Qe6 15. O-O-O Bc5 $13) 13... Bd6 14. g3 O-O
15. O-O-O Bc7 $13 (15... Be5 16. Bxe5 Qxe5 17. Rf5 Qe6 18. e5 Ne8 19. Nd5 $36))
(12... Bc5 13. fxe5 Qxe5 14. Bf4 Qe7 15. O-O-O O-O 16. b4 Nxe4 17. Nxe4 Bxe4
18. Bd3 Bxd3 19. Qxd3 d5 20. bxc5 Qxc5 21. Be3 Qc7 22. Qxd5 Rad8 23. Bf4 Rxd5
24. Bxc7 {1-0 Akesson,R-Sammalvuo,T/Munkebo 1998/ (45)}) 13. f5 {'!' Wells.} (
13. g3 O-O 14. Be3 Re8 $1 15. f5 Rc8 16. g4 Qb7 17. Bf3 Bf8 18. g5 Ne8 19. g6
Nd6 (19... hxg6 20. fxg6 fxg6 21. Qg2 $36) (19... f6 20. b4 $1 $36) 20. gxh7+ (
20. gxf7+ $1 Kxf7 (20... Kh8 21. Qg2 Nxc4 22. Bh6 Nd6 23. Bh5 $1) 21. Qg2 $36)
20... Kh8 (20... Kxh7 $1 21. Qd3 b5 $1 $13) 21. Qg2 Nxc4 22. Bh6 f6 23. b3 {
Levin,F-Chuchelov/France/1996/ 0-1 (33)}) 13... Qb7 14. Bf3 (14. Nd5 Bxd5 15.
cxd5 Rc8 16. Qd3 O-O $13) 14... a5 15. g4 {'!' Wells. Wells: 'Quite simply it
starts to rather resemble an open Sicilian in which the fixed centre denies
black the customary counterplay. The ease with which the pawn-storm hits the
spot is impressive.'} h6 16. Be3 Bc5 (16... Rc8 17. h4 Be7 18. g5 $36) 17. Bxc5
bxc5 18. O-O-O Ke7 {Black king hopes to stay in the center and thus avoid
problems of violent kingside attack.} (18... Rb8 19. h4 Nh7 20. Rd6 $14) 19. h4
d6 20. g5 hxg5 (20... Ne8 21. Qd2 Qb3 22. Be2 $14) 21. hxg5 Ne8 22. Qd2 Rh4 (
22... Rb8 23. f6+ gxf6 24. gxf6+ Kd8 25. Rh1 Rxh1 26. Rxh1 Qb3 27. Be2 $14) 23.
f6+ $1 gxf6 24. gxf6+ Kd8 (24... Kxf6 $2 25. Bh5+ $18) (24... Kf8 $2 25. Rh1
Rxh1 26. Rxh1 Nxf6 27. Qxd6+ Qe7 28. Rh8+ $18) 25. Qg5 Rh2 26. Nb5 $1 {[%mdl
128] Something went badly wrong for Pogorelov, white manages to combine the
defense with dangerous central attack.} Kc8 (26... Bxb5 27. cxb5 (27. Qxe5 Bxc4
28. Qxh2 Bxf1 29. Rxd6+ (29. Rxf1 Qb3 $11) 29... Nxd6 30. Qxd6+ Qd7 (30... Ke8
31. e5 Ra6 32. Bxb7 Rxd6 33. exd6 Kd7 34. Bd5 Kxd6 35. Bxf7 Ke5 $11) 31. Qf8+
Qe8 32. Qd6+ Qd7 $11) 27... Qxb5 28. Qxe5 Qc4+ 29. Kb1 Qc2+ 30. Ka1 $16) 27.
Bg4+ Kb8 (27... Bd7 28. Qg8 Kd8 29. Rxd6 $18) 28. Qxe5 $1 {Wells: 'Not
difficult, but pretty!'} dxe5 (28... Qxb5 29. cxb5 dxe5 30. bxc6 Kc7 31. Rd7+
Kxc6 32. Rxf7 $18) (28... Bxb5 29. Qxh2 $18) 29. Rd8+ Qc8 30. Bxc8 $1 {The
correct tactical realization of the advantage shortens the enemy resistance.} (
30. Rxc8+ Kb7 31. Rxa8 Kxa8 32. Be6 Rh6 33. Bxf7 Nxf6 34. Bd5 Nxe4 35. Bxc6+
Rxc6 36. Rf5 $16) 30... Bxb5 31. cxb5 Kc7 32. Rxe8 Rxc8 33. Rxc8+ Kxc8 34. Rf5
{This rook ending is just hopeless for black.} Kc7 (34... Rh6 35. Rxe5 Rxf6 36.
Rxc5+ $18) 35. Rxe5 Kb6 36. Re7 Rh4 37. a4 Rf4 38. e5 Re4 39. Rxf7 Rxe5 40. Re7
1-0

[Event "Linares 18th"]
[Site "Linares"]
[Date "2001.03.04"]
[Round "8"]
[White "Karpov, Anatoly"]
[Black "Polgar, Judit"]
[Result "1-0"]
[WhiteElo "2679"]
[BlackElo "2676"]
[Annotator "Ftacnik,L"]
[PlyCount "159"]
[EventDate "2001.02.23"]
[EventType "tourn"]
[EventRounds "10"]
[EventCountry "ESP"]
[EventCategory "19"]
[SourceTitle "CBM 082"]
[Source "ChessBase"]
[SourceDate "2001.05.17"]
[SourceVersion "1"]
[SourceVersionDate "2001.05.17"]
[SourceQuality "1"]

1. d4 Nf6 2. Nf3 e6 3. c4 b6 4. a3 Bb7 5. Nc3 d5 6. Bg5 Be7 7. Qa4+ Qd7 8.
Qxd7+ Nbxd7 9. Nb5 O-O 10. cxd5 Nxd5 11. Bxe7 Nxe7 12. Nxc7 Rac8 13. Nb5 Rc2
14. Rb1 Be4 15. Ng5 Nf6 16. Nxa7 (16. f3 Bd5 17. Nc3 Bc4 18. Nge4 Nfd5 19. Nd1
Nf5 20. Nd2 Nfe3 21. Nxc4 Nxc4 22. e4 Nde3 {1/2-1/2 Delemarre,J-Psakhis,L/
Vlissingen 2000/ (27)}) 16... Bg6 $1 (16... Ra8 17. e3 Bg6 18. Nb5 Rac8 19. Be2
Rxe2+ 20. Kxe2 Rc2+ 21. Ke1 h6 22. Nh3 Bd3 23. Nc3 Rxc3 24. bxc3 Bxb1 25. f3
Ne8 26. Kd2 {1-0 Bacrot,E-Gershon,A/Linares op/2001/ (73)}) 17. f3 Rd8 18. e4 (
18. e3 $2 Rd5 (18... Nf5 $5) 19. h4 Rc7 20. e4 Rxa7 21. exd5 Bxb1 $15) 18...
Rxd4 $2 {Polgar misses the great defense with 21.Rd1!, black can hope for full
compensation after the initial 18...h6!} (18... h6 $1 19. Nh3 Rxd4 20. Nf2 Rdd2
21. Nd3 Nfd5 $11) 19. Nb5 Rdd2 20. b4 h6 21. Rd1 $1 (21. Nh3 Nd7 22. Rd1 Rxd1+
23. Kxd1 Ra2) 21... Rxd1+ 22. Kxd1 Ra2 23. Nh3 Nd7 (23... Nc6 24. Nf4 Kh7 25.
Ne2 $16) 24. Kc1 (24. Nf4 Ne5 25. Kc1 N7c6 26. Kb1 Rf2 27. Nxg6 Nxg6 28. Nd6
Nd4 $132) 24... Ne5 25. Kb1 Rd2 26. Kc1 Ra2 27. Kb1 Rd2 28. Nc3 f5 (28... Rd8
29. Kc1 $16) 29. Kc1 Rd8 30. Nf4 Bf7 (30... fxe4 $2 31. Nxg6 N7xg6 32. Nxe4 $16
) 31. Bb5 Rc8 32. Kb2 {Karpov has consolidated the position and now has to
manage the technical part.} fxe4 33. fxe4 (33. Nxe4 $5 Nd5 34. Nd6 Rd8 35. Nxf7
Kxf7 36. Rd1 $16) 33... Be8 34. Bxe8 Rxe8 35. Kb3 (35. Nxe6 $1 Nc4+ (35... N7c6
36. Nc7 $18) 36. Kb3 Nd2+ 37. Kc2 Nxe4 38. Nxe4 Nd5 39. N6c5 bxc5 40. Nxc5 Re2+
41. Kb3 Rxg2 42. b5 $18) 35... g5 36. Nfe2 (36. Nxe6 $5 N7c6 37. Nc7 Nd4+ 38.
Kb2 (38. Ka4 Nd3 39. Rb1 Rf8 40. N3b5 Rf1 41. Nxd4 Rxb1 42. Nf5 $16) 38... Rf8
39. N3b5 (39. N3d5 Rf2+ 40. Kc3 Ne2+ 41. Kb3 Nd4+ 42. Ka4 Nc4 43. b5 Rc2 $14)
39... Rf2+ 40. Kc3 Nxb5+ 41. Nxb5 Rxg2 42. Kd4 $16) 36... N7c6 37. h4 g4 (37...
Kg7 38. hxg5 hxg5 39. Rd1 $16) 38. Rf1 Kg7 39. g3 (39. Na4 Nd7 40. b5 Nce5 41.
Nf4 $16) 39... Rc8 40. Rd1 Kf6 41. Na4 Rb8 (41... b5 42. Nc5 Na5+ 43. bxa5 Rxc5
44. Kb4 Rc4+ 45. Kxb5 Rxe4 46. Nf4 Re3 47. a6 $16) 42. Rd6 Ke7 43. Rd1 Kf6 44.
Rd2 Ke7 45. b5 Na5+ 46. Kb4 Nac4 (46... Rb7 47. Nd4 Rb8 48. h5 Rb7 49. Rd1 Rb8
50. Nxb6 Rxb6 51. Kxa5 $18) 47. Rc2 Ne3 48. Rc7+ Kd6 (48... Kf6 49. Nf4 Nf1 50.
Rh7 Nxg3 51. Rxh6+ Kf7 52. Nc3 Re8 53. Rh7+ Kf6 54. Rb7 $18) 49. Rh7 Nd3+ 50.
Kc3 (50. Kb3 Nf2 51. Rxh6 Nxe4 52. Nf4 Re8 53. Nxb6 Nxg3 54. Nc4+ Nxc4 55. Kxc4
Nf5 56. Rg6 $18) 50... Nf2 51. Rxh6 Ke5 (51... Nxe4+ 52. Kd3 Nf5 53. Rg6 Ke5
$14) 52. Rg6 Nxe4+ 53. Kb3 Nd2+ 54. Ka2 (54. Kc3 Ne4+) 54... Ndc4 55. Nac3 (55.
Nb2 Nxb2 56. Kxb2 Kf5 57. h5 Rd8 $132) 55... Ra8 56. a4 Nd2 57. Kb2 Rd8 58.
Rg5+ $2 (58. Nf4 $142 $16) 58... Kf6 59. Ka2 Nf3 60. Ne4+ Kf7 61. Rh5 Nd5 $2 {
[%mdl 2048] Polgar misses golden chance to exploit the unfortunate location of
white rook.} (61... Kg7 $1 62. Nf4 Ra8 $1 63. Nxe6+ (63. Kb3 e5 $1 64. Ne6+ Kg6
) 63... Kf7 64. N4g5+ Nxg5 65. Nxg5+ Kg6 66. Rh7 Rxa4+ 67. Kb3 Ra5 68. Kb4 Nd5+
69. Kc4 Ne3+ $11) 62. Rh6 Ra8 (62... Rg8 63. Kb3 $16) 63. Kb3 Rg8 64. h5 Ng5
65. N2c3 (65. Nd6+ Ke7 66. Nc4 $18) 65... Nxc3 66. Nxc3 Rd8 $6 (66... Ke7 67.
Ne2 $16) 67. Rg6 Nf3 (67... Rg8 68. Rxg8 Kxg8 69. a5 bxa5 70. b6 Nf3 71. Ka4
Ne5 72. Kxa5 $18) 68. Rxg4 Nd4+ 69. Kb2 e5 70. Rg5 Kf6 (70... Re8 71. Ne4 Re6
72. Kc3 $18) 71. Ne4+ Ke6 72. Rg6+ Kd5 (72... Kf5 73. Nd6+ $18) 73. Rd6+ $1 {
The h pawn decides, so white can use small combinations.} Rxd6 74. Nxd6 Ne6 (
74... Kxd6 75. h6 $18) 75. h6 Ng5 76. Nc8 e4 77. Kc2 Kd4 78. Nd6 e3 79. a5 $1
Kc5 (79... bxa5 80. b6 e2 81. Kd2 $18) 80. a6 1-0